000
00358nam a2200169Ia 4500
100
_a
Dalal/Upena
650
_a
Communication
942
_c
BK
366
_f
20
654
_a
wireless
245
_a
Wireless communication
260
_b
Oxford Higher Education
_c
2009
082
_a
621.382
_b
DAL
300
_a
772
546
_a
ENGLISH
_c
TTL
999
_c
32981
_d
32981